Gibilterra e Tangeri (Record no. 54389)

MARC details
000 -LEADER
campo de control de longitud fija 00613nam a22001815i 4500
001 - NÚMERO DE CONTROL
campo de control 54389
003 - IDENTIFICADOR DE NÚMERO DE CONTROL
campo de control ES-MaACL
005 - FECHA Y HORA DE LA ÚLTIMA TRANSACCIÓN
campo de control 20230906162939.0
007 - CAMPO FIJO DE DESCRIPCIÓN FÍSICA--INFORMACIÓN GENERAL
campo de control de longitud fija t|
008 - DATOS DE LONGITUD FIJA--INFORMACIÓN GENERAL
campo de control de longitud fija 960719s1879 it ||||1| ita d
040 ## - FUENTE DE CATALOGACIÓN
Centro catalogador/agencia de origen CAM
Lengua de catalogación spa
Centro/agencia transcriptor CAM
100 1# - ENTRADA PRINCIPAL--NOMBRE DE PERSONA
Nombre de persona De Foresta, Adolfo.
9 (RLIN) 51730
245 10 - MENCIÓN DEL TÍTULO
Título Gibilterra e Tangeri
Resto del título : de Malaga a Cadice /
Mención de responsabilidad, etc. di Adolfo de Foresta; continuazione alla "Spagna" del medesimo autore.
260 ## - PUBLICACIÓN, DISTRIBUCIÓN, ETC.
Lugar de publicación, distribución, etc. Bologna :
Nombre del editor, distribuidor, etc. presso Nicola Zachinelli,
Fecha de publicación, distribución, etc. 1879 (
Lugar de fabricación/manufactura Modena)
300 ## - DESCRIPCIÓN FÍSICA
Extensión [4], IV, [2], 359, 41 p. ;
Dimensiones 19 cm.
651 #4 - PUNTO DE ACCESO ADICIONAL DE MATERIA--NOMBRE GEOGRÁFICO
Nombre geográfico España-
Subdivisión general Descripción-
Subdivisión cronológica S.XIX.
9 (RLIN) 8185
852 ## - LOCALIZACIÓN
Ubicación ES-MaACL
Número de control de estantería F-13473
Holdings
Estatus retirado Estado de pérdida Estado de daño No para préstamo Colección Biblioteca de origen Biblioteca actual Ubicación en estantería Fecha de adquisición Fuente de adquisición Total de préstamos Signatura topográfica completa Código de barras Visto por última vez Precio de reemplazo Tipo de ítem Koha
        Libros del s. XIX Biblioteca del Ateneo de Madrid Biblioteca del Ateneo de Madrid Sala Pecera Planta 2 17/01/2008     F-13473 1057153 23/02/2023 23/02/2023 Libro impreso antiguo